Statistiken für Meistgenannte Feinde Russlands

Klicken Sie hier um das Quiz zu spielen!

Allgemein

  • Dieses Quiz wurde 1,790 mal gespielt
  • Das Durchschnittsergebnis liegt bei 11 aus 15

Antwortstatistiken

% genannt Land % Korrekt
72Vereinigte Staaten
100%
19Deutschland
99%
48Ukraine
92%
4Japan
85%
18Vereinigtes Königreich
84%
24Polen
82%
6Kanada
81%
29Türkei
77%
3Finnland
73%
16Estland
68%
23Litauen
68%
23Lettland
68%
3Syrien
52%
10Georgien
52%
3Ägypten
26%

Verteilung der Resultate

Perzentil nach korrekt beantworteten Fragen

Anzahl Personen mit jedem Resultat

Ihre Resultats-Entwicklung

Sie haben dieses Quiz noch nicht gespielt